| Tag |
First Indicator |
Second Indicator |
Subfields |
| LEADER |
00000cam a2200000 a 4500 |
| 001 |
in00005504530 |
| 006 |
m o d |
| 007 |
cr cn ---uuauu |
| 008 |
130716s2013 nyua of 000 0 eng d |
| 005 |
20241008175928.4 |
| 020 |
|
|
|a 9780071745703
|
| 035 |
|
|
|a (Sirsi) a402462
|
| 035 |
|
|
|a ccn00402462
|
| 043 |
|
|
|a n-us---
|
| 050 |
|
4 |
|a TK260
|b .M37 2011
|
| 082 |
0 |
4 |
|a 621.31924
|2 23
|
| 100 |
1 |
|
|a McPartland, Brian J.
|
| 245 |
1 |
0 |
|a McGraw-Hill's National Electrical Code 2011 handbook /
|c Brian J. McPartland, Frederic P. Hartwell, Joseph F. McPartland.
|
| 250 |
|
|
|a 27th ed.
|
| 260 |
|
|
|a New York :
|b McGraw-Hill,
|c [2013]
|
| 300 |
|
|
|a 1 online resource(xix, 1642 pages) :
|b illustrations.
|
| 336 |
|
|
|a text
|b txt
|2 rdacontent
|
| 337 |
|
|
|a computer
|b c
|2 rdamedia
|
| 338 |
|
|
|a online resource
|b cr
|2 rdacarrier
|
| 490 |
1 |
|
|a McGraw-Hill's AccessEngineering
|
| 500 |
|
|
|a "Based on the current 2011 National Electrical Safety Code."
|
| 500 |
|
|
|a Print version c2011.
|
| 530 |
|
|
|a Also issued in printing.
|
| 588 |
|
|
|a Description based on cover image and table of contents, viewed on July 16, 2013.
|
| 650 |
|
0 |
|a Electric power systems.
|
| 650 |
|
0 |
|a Electrical engineering
|x Safety measures
|x Standards
|z United States.
|
| 650 |
|
0 |
|a Electric power systems
|x Safety measures
|x Standards
|z United States.
|
| 650 |
|
0 |
|a Electrical engineering
|x Safety regulations
|z United States.
|
| 650 |
|
0 |
|a Electrical engineering
|x Safety measures
|v Handbooks, manuals, etc.
|
| 650 |
|
0 |
|a Electric apparatus and appliances
|x Installation
|v Handbooks, manuals, etc.
|
| 650 |
|
0 |
|a Buildings
|x Electric equipment
|v Handbooks, manuals, etc.
|
| 650 |
|
0 |
|a Electric currents
|x Grounding.
|
| 650 |
|
0 |
|a Electric circuit-breakers.
|
| 650 |
|
0 |
|a Electric power system stability.
|
| 650 |
|
0 |
|a Overhead electric lines
|x Safety measures.
|
| 650 |
|
0 |
|a Underground electric lines
|x Safety measures.
|
| 655 |
|
7 |
|a Electronic books.
|2 local
|
| 655 |
|
0 |
|a Internet resources.
|
| 700 |
1 |
|
|a Hartwell, Frederic P.
|
| 700 |
1 |
|
|a McPartland, Joseph F.
|
| 710 |
2 |
|
|a McGraw-Hill Companies.
|
| 710 |
2 |
|
|a American National Standards Institute.
|t National electrical safety code.
|
| 830 |
|
0 |
|a McGraw-Hill's AccessEngineering.
|
| 856 |
4 |
0 |
|u http://proxy.library.tamu.edu/login?url=https://www.accessengineeringlibrary.com/content/book/9780071745703
|z Connect to the full text of this electronic book
|t 0
|
| 949 |
|
|
|a TK 260 .M37 2011
|w LC
|c 1
|i 402462-1001
|d 7/16/2013
|l MAIN
|m MGH
|q 1
|r Y
|s Y
|t WEB
|u 7/16/2013
|x ENG
|z N-US
|
| 997 |
|
|
|a (c)2013 Cassidy Cataloguing Services, Inc.
|
| 999 |
f |
f |
|s 043bb7a5-5d6f-4c92-ba64-a97d0c8dd2a6
|i 78f282a7-20df-46fe-9dca-183ef577c705
|t 0
|
| 952 |
f |
f |
|a Texas A&M University
|b College Station
|c Electronic Resources
|d Available Online
|t 0
|e TK260 .M37 2011
|h Library of Congress classification
|
| 998 |
f |
f |
|a TK260 .M37 2011
|t 0
|l Available Online
|